Cytomégalovirus : journal d'hospitalisation /

Saved in:
Bibliografiske detaljer
Hovedforfatter: Guibert, Hervé (Author)
Format: Bog
Sprog:fransk
Udgivet: Paris : Éditions du Seuil , 1994
Serier:Points ; R630
Tags: Tilføj Tag
Ingen Tags, Vær først til at tagge denne postø!

MARC

LEADER 00000nam a22000007i 4500
001 IT\ICCU\RMB\0656998
003 ItRI
005 20260115231838.0
008 080825s1994 fr |||||| ||||| |||||c
020 |a 2020211432 
040 |b ita  |c importazione bologna sebina 
041 7 |a fre  |2 ISO-639-2 
100 1 |a Guibert, Hervé  |0 IT\ICCU\RAVV\055556  |4 aut 
245 1 0 |a Cytomégalovirus :  |b journal d'hospitalisation /  |c Hervé Guibert. 
260 |a Paris :  |b Éditions du Seuil ,  |c 1994 
300 |a 92 p. ;  |c 18 cm. 
830 0 |a Points ;  |v R630  |0 IT\ICCU\UFI\0232195 
942 |2 ddc  |c BK  |n 0 
952 |0 0  |1 0  |4 0  |6 A_362_196000000000000_GUI  |7 0  |9 14090  |a BO  |b BO  |d 2026-01-15  |i 18462  |l 0  |o A 362.196 GUI  |p BO18462  |r 2026-01-15 23:18:38  |w 2026-01-15  |x [Sebina 5] [1 v.]  |y BK  |z 1 v. 
999 |c 12147  |d 12147